000 00480nam a2200181Ia 4500
001 19169
003 IN-NITTTR
005 20251114233221.0
008 251113s9999||||xx |||||||||||||| ||eng||
040 _beng
040 _cIN-NITTTR
041 _aeng
082 _a006.3 M178K
100 _aMcgraw, Karen L
245 0 _aKnowledge acquisition :
_b principles and guidelines /
_cMcgraw, Karen L, Harbison-Briggs, Karan
700 _a Harbison-Briggs, Karan
942 _2ddc
_cBK
999 _c21803
_d21803